00599nam a2200181 a 4500008004100000020001800041050001600059110003100075245006600106260004800172300002200220350000900242650004700251650001300298650004200311650003900353650002500392100119s2008 ||||||||||||||||| || u a9780521727952 aJF 1081 Glo aTransparency International10aGlobal corruption report 2008: corruption in the water sector aCambridgebCambridge University Pressc2008 axxix, 367p.: ill. a0.00 aBUSINESS ENTERPRISES--CORRUPTION PRACTICES aPOLITICS aWATER UTILITIES--CORRUPTION PRACTICES aWATER SUPPLY--CORRUPTION PRACTICES aPOLITICAL CORRUPTION